INTERNATIONAL TRADE AND ECONOMIC DEVELOP (Record no. 12332)
[ view plain ]
| 000 -LEADER | |
|---|---|
| fixed length control field | 00355nam a2200133Ia 4500 |
| 008 - FIXED-LENGTH DATA ELEMENTS--GENERAL INFORMATION | |
| fixed length control field | 240624s9999 xx 000 0 und d |
| 041 ## - LANGUAGE CODE | |
| Language code of text/sound track or separate title | eng |
| 082 ## - DEWEY DECIMAL CLASSIFICATION NUMBER | |
| Classification number | 382 MAR |
| 100 ## - MAIN ENTRY--PERSONAL NAME | |
| Personal name | MARJIT SUGATA |
| 245 ## - TITLE STATEMENT | |
| Title | INTERNATIONAL TRADE AND ECONOMIC DEVELOP |
| 260 ## - PUBLICATION, DISTRIBUTION, ETC. | |
| Date of publication, distribution, etc. | 2008 |
| Place of publication, distribution, etc. | New Delhi |
| Name of publisher, distributor, etc. | Oxford University press |
| 300 ## - PHYSICAL DESCRIPTION | |
| Extent | 338 : p. : cm. ; 24 |
| 365 ## - TRADE PRICE | |
| Currency code | RS |
| Price amount | 30 |
| Withdrawn status | Lost status | Damaged status | Not for loan | Home library | Current library | Shelving location | Date acquired | Source of acquisition | Cost, normal purchase price | Total Holds | Full call number | Barcode | Date last seen | Copy number | Price effective from | Koha item type |
|---|---|---|---|---|---|---|---|---|---|---|---|---|---|---|---|---|
| IMTN | IMTN | Rack 16-B | 01/21/2009 | PSBE | 745.00 | 548 | 382 MAR | 12332 | 06/24/2024 | 1 | 06/24/2024 | Books |